| 000 | 01247nam a2200217Ia 4500 | ||
|---|---|---|---|
| 003 | Ost | ||
| 005 | 20260416102358.0 | ||
| 008 | 260416s9999||||xx |||||||||||||| ||und|| | ||
| 040 | _cfsecg | ||
| 041 | _aara | ||
| 082 | _a657.46 | ||
| 100 |
_aبريش، خالد _eمؤلف |
||
| 245 | 0 |
_aالمحاسبة التحليلية : _bممطبوعة وجهة لطلبة السنة الثانية ماستر جميع الشعب / _c خالد بريش |
|
| 260 |
_aالجزائر _bجامعة الجزائر3: كلية العلوم الإقتصادية، العلوم التجارية وعلوم التسيير _c2021 |
||
| 300 |
_a80 ورقة _bايضاحات _c30 سم |
||
| 504 | _aمراجع ص.80 | ||
| 520 | _aمدخل نظري للمحاسبة التحليلية ، مفهوم و تبويب التكاليف و الأعباء ، محاسبة و تسيير المخزونات ، طريقة الأقسام المتجانسة ، تتمة حساب التكاليف، حلول الأسئلة و التمارين . | ||
| 653 | _aالمحاسبة التحليلية | ||
| 710 |
_aجامعة الجزائر3: كلية العلوم الإقتصادية، العلوم التجارية وعلوم التسيير _eناشر علمي |
||
| 942 | _cHANDOUT | ||
| 999 |
_c41279 _d41279 |
||